Indice de precios minoristas en ciudades capitales de provincia 1973-1981

Enregistré dans:
Détails bibliographiques
Format: Livre
Langue:espagnol
Publié: Buenos Aires Instituto Nacional de Estadistica y Censos 1981
Tags: Ajouter un tag
Pas de tags, Soyez le premier à ajouter un tag!

MARC

LEADER 00000nam a2200000 4500
001 c136257
005 20041019155306.7
041 0 |a spa 
044 |a AR 
245 1 0 |a Indice de precios minoristas en ciudades capitales de provincia 1973-1981 
264 1 |a Buenos Aires  |b Instituto Nacional de Estadistica y Censos  |c 1981 
300 |a 27 s.